| 000 | 00870 a2200193 4500 | ||
|---|---|---|---|
| 003 | NUST | ||
| 005 | 20230125171301.0 | ||
| 010 | _a33029938 | ||
| 040 | _cNust | ||
| 082 | _a823,WEL | ||
| 100 |
_aWells, Herbert George, _9107680 |
||
| 245 |
_aThe shape of things to come : _bthe ultimate revolution / _cH. G. Wells, |
||
| 260 |
_aHutchinson & co. ltd _b London _c1933 |
||
| 300 |
_aix p., 1 l., 13-431, [1] p.; _b23 cm |
||
| 505 | _aIntroduction(Page-1),Today And Tomorrow: The Age Of Frustration Dawns (Page-25), The Day After: Tomorrow: The Age Of Frustration(Page-97), The World Renascence: The Birth Of The Modern State(Page-195),The Modern State Militant (Page-259), The Modern State In Control Of Life(Page-297). | ||
| 600 |
_aWells, Herbert George, _9107680 |
||
| 650 |
_aThe shape of things to come, the ultimate revolution _9107681 |
||
| 942 |
_2ddc _cBK _k823,WEL |
||
| 999 |
_c185914 _d185914 |
||